|
|
|
|
| LEADER |
00000nam0a2200000 4500 |
| 001 |
115235 |
| 005 |
20231101215239.0 |
| 010 |
|
|
|a 9785769533389
|
| 035 |
|
|
|a (RuTPU)RU\TPU\book\124632
|
| 090 |
|
|
|a 115235
|
| 100 |
|
|
|a 20070504d2007 m y0rusy50 ca
|
| 101 |
0 |
|
|a rus
|
| 102 |
|
|
|a RU
|
| 105 |
|
|
|a y j 001zy
|
| 200 |
1 |
|
|a САПР технологических процессов
|e учебник
|f А. И. Кондаков
|
| 210 |
|
|
|a Москва
|c Академия
|d 2007
|
| 215 |
|
|
|a 272 с.
|
| 225 |
1 |
|
|a Высшее профессиональное образование. Машиностроение
|
| 320 |
|
|
|a Библиогр.: с. 266.
|
| 330 |
|
|
|a В учебнике изложены основные положения дисциплины «Системы автоматизированного проектирования технологических процессов (САПР ТП)» изготовления изделий машиностроения. Раскрыта роль автоматизации проектирования технологических процессов в поддержке жизненного цикла изделий машиностроения и управлении им. Рассмотрены принципы построения и структура САПР ТП, вопросы информационного, математического, лингвистического, программного, организационно-методического обеспечения САПР ТП. Дано описание отечественных САПР ТП, применяющихся в промышленности. Раскрыты перспективные направления совершенствования САПР ТП и методы их разработки. Для студентов высших учебных заведений. Может быть полезен аспирантам, специалистам машиностроительных предприятий, работникам научно-исследовательских учреждений и организаций — разработчикам САПР ТП.
|
| 451 |
|
1 |
|0 (RuTPU)RU\TPU\book\152284
|y 978-5-7695-5132-1
|t САПР технологических процессов
|o учебник для вузов
|f А. И. Кондаков
|e 2-е изд., стер.
|c М.
|n Академия
|d 2008
|p 268 с.
|s Высшее профессиональное образование. Машиностроение
|a Кондаков, Александр Иванович
|
| 606 |
1 |
|
|a САПР система автоматизированного проектирования
|2 stltpush
|3 (RuTPU)RU\TPU\subj\53841
|9 72006
|
| 610 |
1 |
|
|a технологические процессы
|
| 610 |
1 |
|
|a САПР ТП
|
| 610 |
1 |
|
|a системы автоматизированного проектирования технологических процессов
|
| 610 |
1 |
|
|a автоматизация
|
| 610 |
1 |
|
|a построение
|
| 610 |
1 |
|
|a структура
|
| 610 |
1 |
|
|a информационное обеспечение
|
| 610 |
1 |
|
|a математическое обеспечение
|
| 610 |
1 |
|
|a лингвистическое обеспечение
|
| 610 |
1 |
|
|a программное обеспечение
|
| 610 |
1 |
|
|a техническое обеспечение
|
| 610 |
1 |
|
|a организационно-методическое обеспечение
|
| 610 |
1 |
|
|a совершенствование
|
| 610 |
1 |
|
|a учебники
|
| 675 |
|
|
|a 658.512.2.011.56(075.8)
|v 3
|
| 700 |
|
1 |
|a Кондаков
|b А. И.
|g Александр Иванович
|
| 801 |
|
1 |
|a RU
|b 63413507
|c 20070504
|g PSBO
|
| 801 |
|
2 |
|a RU
|b 63413507
|c 20210601
|g PSBO
|
| 900 |
|
|
|a САПР технологических процессов
|
| 900 |
|
|
|a Системы автоматизированного проектирования технологических процессов
|
| 900 |
|
|
|a САПР электрооборудования и электроснабжения
|
| 900 |
|
|
|a САПР технологий и конструкций
|
| 942 |
|
|
|c BK
|
| 952 |
|
|
|b 151001
|b 151000
|
| 959 |
|
|
|a 37/20070503
|d 5
|e 211,20
|f АНЛ:1
|f ЧЗТЛ:1
|f УФ:3
|